LEADER 02997nam a2200505 i 4500 001 000000037954 003 CaOOAMICUS 005 20211228091545.0 008 101118s1987 it u000 u ita u 020 $a88-7023-129-1 040 $aSeMil$bita 100 1 $aMandelli, Federico,$c.$0(OLS)http://semarc/name/15888 240 10$aProfili di preti ambrosiani del Novecento.$0(OLS)http://semarc/title/234766 245 10$aProfili di preti ambrosiani del Novecento /$cFederico Mandelli. 260 $aMilano :$bNED,$c1987. 300 $a168 p. ;$c22 cm. 600 14$aTalamoni, Luigi .$0(OLS)http://semarc/subject/5942 600 14$aArrigoni, Luigi .$0(OLS)http://semarc/subject/26872 600 14$aConfalonieri, Carlo .$0(OLS)http://semarc/subject/8314 600 14$aForni, Efrem .$0(OLS)http://semarc/subject/45257 600 10$aFustella, Antonio .$0(OLS)http://semarc/subject/51467 600 14$aManfredini, Enrico .$0(OLS)http://semarc/subject/10539 600 10$aMauri, Giovanni di Dio .$0(OLS)http://semarc/subject/51468 600 10$aMinoretti, Carlo Dalmazio .$0(OLS)http://semarc/subject/51469 600 14$aPirelli, Luigi .$0(OLS)http://semarc/subject/27767 600 14$aBicchierai, Giuseppe .$0(OLS)http://semarc/subject/11558 600 14$aBigatti, Enrico .$0(OLS)http://semarc/subject/37315 600 14$aCastiglioni, Carlo .$0(OLS)http://semarc/subject/14906 600 14$aCattaneo, Enrico .$0(OLS)http://semarc/subject/11191 600 10$aDe Ambrogi, Pietro .$0(OLS)http://semarc/subject/51470 600 10$aGhedini, Giuseppe .$0(OLS)http://semarc/subject/51471 600 10$aMaini, Vittore .$0(OLS)http://semarc/subject/51472 600 04$aPolvara, Giuseppe .$0(OLS)http://semarc/subject/37219 600 14$aPortaluppi, Angelo .$0(OLS)http://semarc/subject/37319 600 10$aPozzoni, Ettore .$0(OLS)http://semarc/subject/51473 600 10$aSilva, Pietro .$0(OLS)http://semarc/subject/51474 650 4$aMilano (Arcidiocesi) - Clero - Biografie.$0(OLS)http://semarc/subject/5691 850 $aSeMil 852 $aSeMil$W1$xVenegono$y1$m3J I 244$j4109$B4109$CSeMilBibl$Z2$F4109 $81 852 $aSeMil$W1$xVenegono$y1$mSL1.G VII 17$j231009$B240066$CSeMilBibl$Z2$F240066 $8I 961 $aAcquisto: Centro Vendite Curia 996 $6020$a88-7023-129-1$9(OLS)http://semarc/number/7082 996 $6245$aProfili di preti ambrosiani del Novecento$9(OLS)http://semarc/title/234767 996 $6260$aMilano :$bNED$9(OLS)http://semarc/publisher/30187 LEADER 00863nam a2200229 i 4500 001 000000064181 003 CaOOAMICUS 005 19980922000000.0 008 980922n it u000 u ita u 013 $a35353 020 $a88-06-13658-6 040 $aSeMil$bita 245 10$aPolitica, economia, società. 300 $aXI, 897 p. 650 4$aSocietà - Italia.$0(OLS)http://semarc/subject/8087 773 0 $tStoria dell'Italia repubblicana.$dTorino : Einaudi, 1994-1997.$g2$w()1574 773 0 $tTrasformazione dell'Italia.$dTorino : Einaudi, 1995.$gTomo1$w()6602 850 $aSeMil 852 $aSeMil$W1$xVenegono$y1$mSL1.H VII 17$j30334$B30334$CSeMilBibl$Z2$F30337 $8I 961 $aAcquisto: Rappresentante 996 $6020$a88-06-13658-6$9(OLS)http://semarc/number/41058 996 $6245$aPolitica, economia, società$9(OLS)http://semarc/title/101522